El " Martín Fierro "

Uloženo v:
Podrobná bibliografie
Hlavní autor: Borges, Jorge Luis; Guerrero, Margarita
Médium: Kniha
Jazyk:Undetermined
Vydáno: Madrid, España Editorial Alianza 1999
Témata:
Tagy: Přidat tag
Žádné tagy, Buďte první, kdo vytvoří štítek k tomuto záznamu!

MARC

LEADER 00000nam a2200000Ia 4500
008 170316s9999 xx 000 0 und d
040 |a cru BVZT 
090 |a 860 B-32m 
100 |a Borges, Jorge Luis; Guerrero, Margarita  |9 1218 
245 |a El " Martín Fierro "  |c / Jorge Luis Borges ; Margarita Guerrero 
260 |a Madrid, España  |b Editorial Alianza  |c 1999 
300 |a 107 páginas 
650 |a LITERATURA LATINOAMERICANA  |9 15 
650 |a POESÍA GAUCHESCA  |9 1188 
650 |a JOSE HERNANDEZ  |9 1250 
999 |c 8440  |d 8440 
942 |c 4 D  |h 860 B-32m  |2 z